|
|
|
|
| LEADER |
00000nam0a2200000 4500 |
| 001 |
121205 |
| 005 |
20231101215648.0 |
| 020 |
|
|
|a RU
|b 84-41573
|
| 035 |
|
|
|a (RuTPU)RU\TPU\book\131257
|
| 090 |
|
|
|a 121205
|
| 100 |
|
|
|a 20070911d1984 m y0rusy5003 ca
|
| 101 |
0 |
|
|a rus
|
| 102 |
|
|
|a RU
|
| 105 |
|
|
|a a z 000by
|
| 200 |
1 |
|
|a Сцены и комедии, 1843-1852
|f И. С. Тургенев
|g примеч. Ю. П. Рыбакова
|
| 210 |
|
|
|a Москва
|c Правда
|d 1984
|
| 215 |
|
|
|a 496 с.
|c ил.
|d 20 см
|
| 610 |
1 |
|
|a русская литература
|
| 610 |
1 |
|
|a драмы
|
| 675 |
|
|
|a Р1
|z rus
|
| 700 |
|
1 |
|a Тургенев
|b И. С.
|c русский писатель
|f 1818-1883
|g Иван Сергеевич
|2 stltpush
|3 (RuTPU)RU\TPU\pers\1039
|9 462
|
| 702 |
|
1 |
|a Рыбакова
|b Ю. П.
|4 570
|
| 801 |
|
0 |
|a RU
|b RuMRKP
|c 19950704
|g psbo
|
| 801 |
|
1 |
|a RU
|b 63413507
|c 20070911
|g PSBO
|
| 801 |
|
2 |
|a RU
|b 63413507
|c 20070911
|g PSBO
|
| 942 |
|
|
|c BK
|